名前に「島」がつく駅 - Statistics

General Stats
  • This quiz has been taken 119 times
  • The average score is 83 of 237
Answer Stats
Hint Answer % Correct
東海道新幹線東海道本線 伊豆箱根鉄道駿豆線 三島
92%
山陽本線 | 東海道本線 島田
88%
都営新宿線 | 長良川鉄道線 大島
88%
大阪環状線 | 東北新幹線山形新幹線 他 | 阪神本線 福島
86%
鹿児島本線日豊本線 鹿児島
86%
山陽新幹線山陽本線 他 広島
85%
九州新幹線鹿児島本線 指宿枕崎線 鹿児島中央
85%
常磐線 鹿島
84%
東海道新幹線 岐阜羽島
81%
山陽新幹線 東広島
79%
山陽本線 高島
79%
徳島線 小島
77%
桜島線 桜島
75%
東北本線 松島
71%
青梅線西武拝島線 他 拝島
70%
都営新宿線 西大島
70%
江ノ島電鉄線 江ノ島
70%
豊橋鉄道渥美線 豊島
70%
島原鉄道線 島原
70%
鹿島線 鹿島神宮
68%
あおなみ線 | 可部線 中島
68%
京阪中之島線 中之島
67%
都営新宿線 東大島
67%
鹿島線鹿島臨海鉄道線 鹿島サッカースタジアム
66%
みなとみらい線 新高島
66%
水戸線 川島
63%
東海道本線 島本
63%
本四備讃線 児島
63%
山陽本線アストラムライン 新白島
62%
東京メトロ有楽町線都営大江戸線 月島
62%
都営三田線 高島平
62%
高徳線牟岐線 徳島
60%
西武豊島線都営大江戸線 豊島園
60%
小田急江ノ島線 片瀬江ノ島
60%
名鉄津島線名鉄尾西線 津島
60%
名鉄羽島線 新羽島
60%
京葉線 越中島
59%
JR東西線 新福島
59%
東急東横線 綱島
59%
都営三田線 新高島平
59%
都営三田線 西高島平
59%
東海道本線東海交通事業城北線 枇杷島
58%
JR東西線 加島
58%
山陽本線 西広島
58%
東急新横浜線 新綱島
58%
東京メトロ千代田線 湯島
58%
仙石線 松島海岸
56%
山陽本線 宮島口
56%
京急大師線 小島新田
56%
アストラムライン | 広島電鉄白島線 白島
56%
南武線 中野島
55%
関西本線 長島
55%
京急本線 平和島
53%
鹿児島市電 鹿児島中央駅前
53%
千歳線 北広島
52%
東北本線 南福島
52%
会津鉄道線 会津田島
52%
東北本線 東福島
49%
予讃線 宇和島
49%
東武佐野線 田島
49%
京阪本線京阪宇治線 中書島
49%
鹿児島市電 鹿児島駅前
49%
常磐線 三河島
48%
青梅線 昭島
48%
南武線 鹿島田
48%
湘南モノレール 湘南江の島
48%
東海道本線 弁天島
47%
名鉄名古屋本線 東枇杷島
47%
名鉄名古屋本線 西枇杷島
47%
アルピコ交通上高地線 新島々
45%
広島電鉄本線広島電鉄宮島線 広電西広島
45%
広島電鉄宮島線 広電宮島口
45%
横浜市営地下鉄ブルーライン 高島町
44%
JR東西線 御幣島
42%
東京モノレール 昭和島
42%
横浜シーサイドライン 八景島
41%
水島臨海鉄道線 水島
41%
予讃線予土線 北宇和島
40%
名鉄竹鼻線 羽島市役所前
40%
大阪メトロ御堂筋線 西中島南方
40%
近鉄名古屋線 近鉄長島
38%
伊豆箱根鉄道駿豆線 三島二日町
38%
天竜浜名湖鉄道線遠州鉄道線 西鹿島
38%
広島電鉄本線 広島駅
38%
高徳線 屋島
37%
長崎本線 肥前鹿島
37%
東武東上線 鶴ヶ島
37%
京成本線 新三河島
37%
近鉄志摩線 賢島
37%
銚子電鉄線 海鹿島
37%
伊豆箱根鉄道駿豆線 三島田町
37%
羽越本線 藤島
36%
信越本線 川中島
36%
湖西線 近江高島
36%
指宿枕崎線 南鹿児島
36%
銚子電鉄線 西海鹿島
36%
伊豆箱根鉄道駿豆線 三島広小路
36%
東武伊勢崎線 梅島
34%
札幌市営地下鉄南北線 中の島
34%
由利高原鉄道線 矢島
34%
島原鉄道線 島原港
34%
身延線 十島
33%
予讃線 伊予三島
33%
千歳線 島松
32%
紀勢本線 箕島
32%
日南線 青島
32%
東武伊勢崎線 東向島
32%
近鉄京都線 向島
32%
北越急行ほくほく線 ほくほく大島
32%
遠州鉄道線 上島
32%
名古屋市営地下鉄東山線 亀島
32%
両毛線 前橋大島
30%
紀勢本線 紀伊長島
30%
名鉄名古屋本線 島氏永
30%
阪神なんば線 出来島
30%
東北本線 鹿島台
29%
飯田線 飯島
29%
京阪本線 萱島
29%
北越急行ほくほく線 美佐島
29%
中央本線 木曽福島
27%
牟岐線 南小松島
27%
鹿児島市電 南鹿児島駅前
27%
飯田線 江島
26%
阪急千里線 柴島
26%
大阪メトロ谷町線 都島
26%
広島電鉄宇品線 広島港
26%
吾妻線 | 西鉄甘木線 金島
25%
阪和線 紀伊中ノ島
25%
紀勢本線 初島
25%
宗谷本線 筬島
23%
アルピコ交通上高地線 | 飯田線 下島
23%
徳島線 牛島
23%
札幌市営地下鉄南北線 中島公園
23%
東北本線 油島
22%
身延線 甲斐大島
22%
関西本線 島ヶ原
22%
徳島線 阿波川島
22%
東武野田線 藤の牛島
22%
ゆいレール 古島
22%
福知山線 市島
21%
宇野線 早島
21%
日南線 福島高松
21%
阪神本線 姫島
21%
会津鉄道線 田島高校前
21%
身延線 波高島
19%
大糸線 島内
19%
中央本線 信濃川島
19%
宇野線 備中箕島
19%
日豊本線 宇島
19%
日南線 福島今町
19%
のと鉄道七尾線 能登中島
19%
山陽電鉄本線 江井ヶ島
19%
山陽電鉄本線 西江井ヶ島
19%
吾妻線 祖母島
18%
琴電志度線 琴電屋島
18%
函館本線 蘭島
16%
函館本線 渡島沼尻
16%
函館本線 渡島砂原
16%
上越線 敷島
16%
吾妻線 岩島
16%
飯田線 伊那大島
16%
飯田線 伊那松島
16%
予讃線 津島ノ宮
16%
日豊本線 霧島神宮
16%
東武宇都宮線 江曽島
16%
鹿島臨海鉄道線 鹿島灘
16%
富山地方鉄道富山港線 粟島
16%
長崎電気軌道 出島
16%
羽越本線 間島
15%
羽越本線 羽後牛島
15%
磐越西線 安子ヶ島
15%
磐越西線 翁島
15%
氷見線 島尾
15%
山陰本線 荒島
15%
筑肥線 糸島高校前
15%
名鉄蒲郡線 三河鹿島
15%
近鉄湯の山線 伊勢川島
15%
西鉄天神大牟田線 西鉄中島
15%
横浜シーサイドライン 野島公園
15%
富山地方鉄道富山港線 越中中島
15%
東武小泉線 | 米坂線 成島
14%
米坂線 越後大島
14%
大糸線 島高松
14%
飯田線 伊那田島
14%
筑豊本線 二島
14%
道南いさりび鉄道線 渡島当別
14%
鹿島臨海鉄道線 鹿島大野
14%
のと鉄道七尾線 能登鹿島
14%
徳島線 鴨島
12%
京阪石山坂本線 島ノ関
12%
大井川鐵道井川線 長島ダム
12%
越後線 小島谷
11%
肥薩線 霧島温泉
11%
阿武隈急行線 福島学院前
11%
上信電鉄線 上州福島
11%
広島電鉄宮島線 JA広島病院前
11%
信越本線 笠島
10%
飯田線 門島
10%
紀勢本線 二木島
10%
西鉄貝塚線 名島
10%
三陸鉄道リアス線 島越
10%
鹿島臨海鉄道線 鹿島旭
10%
長崎本線 鍋島
8%
えちぜん鉄道勝山永平寺線 比島
8%
島原鉄道線 島原船津
8%
奥羽本線 上飯島
7%
磐越西線 堂島
7%
越美北線 柿ヶ島
7%
牟岐線 阿波中島
7%
札幌市電 中島公園通
7%
会津鉄道線 弥五島
7%
富山地方鉄道富山港線 犬島新町
7%
えちぜん鉄道勝山永平寺線 東藤島
7%
広島電鉄本線 福島町
7%
琴電志度線 松島二丁目
7%
琴電志度線 沖松島
7%
磐越西線 五十島
5%
万葉線 米島口
5%
えちぜん鉄道勝山永平寺線 越前島橋
5%
えちぜん鉄道三国芦原線 八ツ島
5%
鹿児島市電 桜島桟橋通
5%
とさでん交通後免線 田辺島通
4%
松浦鉄道線 福島口
4%
松浦鉄道線 鷹島口
4%
熊本市電 辛島町
4%
とさでん交通後免線 葛島橋東詰
3%
長崎電気軌道 五島町
3%
熊本市電 西辛島町
3%
No matching quizzes found
Score Distribution
Percent of People with Each Score
Percentile by Number Answered
Your Score History
You have not taken this quiz